Marketing for Pharmacists (Record no. 6136)
[ view plain ]
| 000 -LEADER | |
|---|---|
| fixed length control field | 00492nam a22001937a 4500 |
| 003 - CONTROL NUMBER IDENTIFIER | |
| control field | OSt |
| 005 - DATE AND TIME OF LATEST TRANSACTION | |
| control field | 20180928151248.0 |
| 008 - FIXED-LENGTH DATA ELEMENTS--GENERAL INFORMATION | |
| fixed length control field | 180928b xxu||||| |||| 00| 0 eng d |
| 020 ## - INTERNATIONAL STANDARD BOOK NUMBER | |
| International Standard Book Number | 1582120048 |
| 040 ## - CATALOGING SOURCE | |
| Transcribing agency | DNLM |
| 082 ## - DEWEY DECIMAL CLASSIFICATION NUMBER | |
| Classification number | QV737 H71m 2007 |
| 100 ## - MAIN ENTRY--PERSONAL NAME | |
| Personal name | Holdford, David A. |
| 9 (RLIN) | 12683 |
| 245 ## - TITLE STATEMENT | |
| Title | Marketing for Pharmacists |
| 260 ## - PUBLICATION, DISTRIBUTION, ETC. (IMPRINT) | |
| Place of publication, distribution, etc. | Washington; Alpha, 2003 |
| 300 ## - PHYSICAL DESCRIPTION | |
| Extent | xi,298p; ill: 24cm |
| 504 ## - BIBLIOGRAPHY, ETC. NOTE | |
| Bibliography, etc | References, & index included |
| 650 ## - SUBJECT ADDED ENTRY--TOPICAL TERM | |
| Topical term or geographic name as entry element | Pharmacy |
| 9 (RLIN) | 12684 |
| 942 ## - ADDED ENTRY ELEMENTS (KOHA) | |
| Source of classification or shelving scheme | Other/Generic Classification Scheme |
| Koha item type | Short Loan |
| Withdrawn status | Lost status | Source of classification or shelving scheme | Damaged status | Not for loan | Home library | Current library | Date acquired | Source of acquisition | Inventory number | Total Checkouts | Full call number | Barcode | Date last seen | Koha item type | Date last checked out | Price effective from |
|---|---|---|---|---|---|---|---|---|---|---|---|---|---|---|---|---|
| Other/Generic Classification Scheme | MUST Main Library | MUST Main Library | 02/02/2023 | Purchase | 06/26558 | 1 | QV737 H71m 2007 | 2023-0096 | 20/02/2023 | Open Shelf | 02/02/2023 | 02/02/2023 | ||||
| Other/Generic Classification Scheme | Pharmacy Department Library | Pharmacy Department Library | 28/09/2018 | 05/24978 | QV737 H71m 2007 | 2018-0330 | 28/09/2018 | Short Loan |
